000 00563nam a22002171i 4500
001 5145
090 _a5145
100 _a20170304u u u0frey50 ba
101 0 _apor
200 1 _fLuís Santos
_aKasparov percurso do jovem campeão
210 _cCaminho
_aLisboa
_d1984
215 _a261, [3] p.
_cil.
_d21 cm
225 2 _aDesporto e tempos livres
_v5
600 _aKasparov
_91468
606 _91383
_aXadrez
606 _91384
_aJogos de tabuleiro
675 _a794.1
_91385
700 1 _aSantos
_bLuís
_4070
_95184
801 _aPT
_gRPC
990 _cLIVROS
994 _aCOMP